<?xml version="1.0" encoding="UTF-8"?>
<record
    xmlns:xsi="http://www.w3.org/2001/XMLSchema-instance"
    xsi:schemaLocation="http://www.loc.gov/MARC21/slim http://www.loc.gov/standards/marcxml/schema/MARC21slim.xsd"
    xmlns="http://www.loc.gov/MARC21/slim">

  <leader>02025nam a22002297a 4500</leader>
  <controlfield tag="003">St Aloysius Coll</controlfield>
  <controlfield tag="005">20250816112928.0</controlfield>
  <controlfield tag="008">250816b        |||||||| |||| 00| 0 eng d</controlfield>
  <datafield tag="020" ind1=" " ind2=" ">
    <subfield code="a">9789354600685</subfield>
  </datafield>
  <datafield tag="040" ind1=" " ind2=" ">
    <subfield code="c">AL</subfield>
  </datafield>
  <datafield tag="041" ind1=" " ind2=" ">
    <subfield code="a">English</subfield>
  </datafield>
  <datafield tag="082" ind1=" " ind2=" ">
    <subfield code="a">658.57</subfield>
    <subfield code="b">SCHB</subfield>
  </datafield>
  <datafield tag="100" ind1=" " ind2=" ">
    <subfield code="a">Pamela S Schindler</subfield>
    <subfield code="9">235949</subfield>
  </datafield>
  <datafield tag="245" ind1=" " ind2=" ">
    <subfield code="a">Business research methods</subfield>
  </datafield>
  <datafield tag="250" ind1=" " ind2=" ">
    <subfield code="a">13</subfield>
  </datafield>
  <datafield tag="260" ind1=" " ind2=" ">
    <subfield code="a">New York</subfield>
    <subfield code="b">McGraw Hill Education</subfield>
    <subfield code="c">2021</subfield>
  </datafield>
  <datafield tag="300" ind1=" " ind2=" ">
    <subfield code="a">xxx,608p</subfield>
    <subfield code="b">PB</subfield>
    <subfield code="c">28x21cm.</subfield>
  </datafield>
  <datafield tag="365" ind1=" " ind2=" ">
    <subfield code="2">General</subfield>
    <subfield code="a">2646</subfield>
    <subfield code="b">&#x20B9;920.00</subfield>
    <subfield code="c">&#x20B9;</subfield>
    <subfield code="d">&#x20B9;1150.00</subfield>
    <subfield code="e">20%</subfield>
    <subfield code="f">8/08/2025</subfield>
  </datafield>
  <datafield tag="520" ind1=" " ind2=" ">
    <subfield code="a">The Thirteenth Edition of Business Research Methods reflects a thoughtful revision of the text. Both students and professors will find thorough, current coverage of all business research topics presented with a balance of theory and practical application. The author has used managerial decision-making as the theme of the book and provides the content and structure to ensure students grasp the business research function. This textbook also encourages and supports the completion of an in-depth business research project, if desired, by the professor. Salient Features: 1. Extensive visual aids&#x2013;pictures, diagrams, and graphs&#x2013;are added to clarify and reinforce the concepts 2. 31 fully integrated research process exhibits are given, which link concepts within the standalone chapters 3. Fundamentals of research are taught first to help the students grow and learn gradually 4. Substantial number of examples are added throughout the book 5. Discussion questions make the topics taught more relevant and tie the link to the learning objectives 6. Key terms and glossary to reinforce the language of research 7. Good balance provided between theory and practical application of the topics 8. Managerial decision-making is the key theme of the book 9. Complete support for in-depth research project provided 10. Structured content to help students to grasp even complex concepts easily</subfield>
  </datafield>
  <datafield tag="650" ind1=" " ind2=" ">
    <subfield code="2">Management</subfield>
    <subfield code="a">Research Methods</subfield>
    <subfield code="9">235950</subfield>
  </datafield>
  <datafield tag="942" ind1=" " ind2=" ">
    <subfield code="2">ddc</subfield>
    <subfield code="c">BK</subfield>
  </datafield>
  <datafield tag="999" ind1=" " ind2=" ">
    <subfield code="c">240354</subfield>
    <subfield code="d">240354</subfield>
  </datafield>
  <datafield tag="952" ind1=" " ind2=" ">
    <subfield code="0">0</subfield>
    <subfield code="1">0</subfield>
    <subfield code="2">ddc</subfield>
    <subfield code="4">0</subfield>
    <subfield code="7">0</subfield>
    <subfield code="8">MCOMFA</subfield>
    <subfield code="a">SACPG</subfield>
    <subfield code="b">SACPG</subfield>
    <subfield code="d">2025-08-14</subfield>
    <subfield code="e">Biblios Book Point</subfield>
    <subfield code="g">920.00</subfield>
    <subfield code="l">1</subfield>
    <subfield code="o">658.57 SCHB</subfield>
    <subfield code="p">PG025085</subfield>
    <subfield code="r">2026-04-08 10:14:56</subfield>
    <subfield code="s">2026-01-03</subfield>
    <subfield code="v">920.00</subfield>
    <subfield code="w">0000-00-00</subfield>
    <subfield code="y">BK</subfield>
  </datafield>
</record>
